[Event "IECG CM.1999.0.00078"]
[Site "IECG email"]
[Date "1999.??.??"]
[Round "?"]
[White "Zungen, Nicholas"]
[Black "Bronsdijk, Loek"]
[Result "0-1"]
[WhiteElo "2345"]
[BlackElo "2272"]
[PlyCount "40"]
[EventDate "1999.05.07"]
[EventType "tourn (corr)"]
[EventRounds "6"]
[SourceTitle "Corr 2008"]
[Source "ChessBase"]
[SourceDate "2008.06.24"]
[SourceVersion "1"]
[SourceVersionDate "2008.06.24"]
[SourceQuality "1"]

1. d4 d5 2. c4 dxc4 3. Nf3 Nf6 4. Qa4+ c6 5. Qxc4 Bf5 6. g3 e6 7. Bg2 Nbd7 8. 0-0 Nb6 9. Qb3 Qd5 10. Qd1 Bxb1 11. Rxb1 Qxa2 12. Bg5 Be7 13. Ne5 0-0 14. f4 h6 15. Bxf6 Bxf6 16. f5 Bxe5 17. dxe5 exf5 18. Rxf5 Nc4 19. Qd3 Rfd8 20. Qc2 Na3 0-1

[Event "IECG CM.1999.0.00078"]
[Site "IECG email"]
[Date "1999.??.??"]
[Round "?"]
[White "Zungen, Nicholas"]
[Black "Uhlig, Andreas"]
[Result "0-1"]
[WhiteElo "2345"]
[BlackElo "2243"]
[PlyCount "88"]
[EventDate "1999.05.07"]
[EventType "tourn (corr)"]
[EventRounds "6"]
[SourceTitle "Corr 2008"]
[Source "ChessBase"]
[SourceDate "2008.06.24"]
[SourceVersion "1"]
[SourceVersionDate "2008.06.24"]
[SourceQuality "1"]

1. e4 e5 2. Nf3 Nc6 3. Bb5 a6 4. Ba4 Nf6 5. 0-0 Be7 6. Re1 b5 7. Bb3 0-0 8. c3 d6 9. h3 Bb7 10. d4 Re8 11. Nbd2 Bf8 12. a4 h6 13. Bc2 exd4 14. cxd4 Nb4 15. Bb1 c5 16. d5 Nd7 17. Ra3 f5 18. exf5 Nf6 19. Ne4 Bxd5 20. Nxf6+ Qxf6 21. Rae3 Bf7 22. Nh2 Rxe3 23. Rxe3 Re8 24. Ng4 Qd4 25. Qxd4 cxd4 26. Rxe8 Bxe8 27. axb5 Bxb5 28. f3 Bd3 29. Bxd3 Nxd3 30. Bd2 Nxb2 31. Kf1 Nc4 32. Ke2 a5 33. Kd3 d5 34. Bxa5 Nxa5 35. Kxd4 h5 36. Ne5 Nc4 37. Nxc4 dxc4 38. g4 Kf7 39. Kxc4 Kf6 40. Kd5 Bb4 41. Ke4 Kg5 42. Ke5 Bc3+ 43. Ke6 h4 44. Kf7 Kf4 0-1